Statistics for Final Fantasy Series Quiz

Click here to take the quiz!

General Stats

  • This quiz has been taken 91 times
  • The average score is 9 of 20

Answer Stats

HintAnswer% Correct
Common fire elemental summonIfrit
91%
Character that appears in every series titleCid
85%
Monster with bad breathMalboro
70%
Composer of most FF musicNobuo Uematsu
70%
Only game in the series that doesn't use the standard magic system (Cure, Cura, Curaga)Final Fantasy II
68%
Nihilistic psychopath and main FF VI antagonistKefka Palazzo
66%
Kain Highwind's job classDragoon
64%
Eco-terrorist organization from FF VIIAVALANCHE
61%
Number of attainable job classes in FF V22
54%
System used to equip magic in FF VIIIJunction
43%
Her name is a near-anagram of "Earth"Aerith Gainsborough
41%
Recurring carnivorous purple octopusUltros
40%
Song title of the opening theme to FF XTo Zanarkand
35%
Character with the last name of TilmittSelphie
34%
Dalmasca's capital cityRabanastre
25%
Logo artwork artist for almost every series titleYoshitaka Amano
21%
Blue mage that likes "yummy-yummies"Quina Quen
19%
Known as "pugs" in FF VITonberry
18%
Extinct in FF TacticsMoogles
15%
This character says, "Life is short...bury!" occasionally before casting a certain sword skillAgrias Oaks
9%

Score Distribution

Percentile by Number Answered

Percent of People with Each Score

Your Score History

You have not taken this quiz